| 000 | 00863nam a22002297a 4500 | ||
|---|---|---|---|
| 999 |
_c13639 _d13639 |
||
| 003 | AR-CdUCM | ||
| 008 | 190416b ||||| |||| 00| 0 spa d | ||
| 040 |
_aMUNICIPALIDAD PROVINCIAL DEL CUSCO _cBIBLIOTECA MUNICIPAL DEL CUSCO |
||
| 082 |
_aTS / 869.56 / _bB23 |
||
| 100 |
_aBarrionuevo Sanchez, Armando _931129 |
||
| 245 | _aTeoría convencional de las evidencias / | ||
| 260 |
_aCusco : _bUniversidad Nacional de San Antonio Abad del Cusco, _c1962. |
||
| 300 |
_a28 hojas ; _c17 cm. |
||
| 500 | _aTesis presentada para optar al grado de doctor en letras. | ||
| 505 | _aContenido: Naturales de la evidencia -- Teoría de la convención -- Subjetividad del conocimiento. | ||
| 650 |
_aTeoría de la convención _932128 |
||
| 650 |
_aTesis _91981 |
||
| 650 |
_aEvidencias _932129 |
||
| 650 |
_aSiglo XX _98 |
||
| 942 |
_2ddc _cTESIS |
||
| 945 |
_acmm _d2019-04-16 |
||